Les vainqueurs de la Ligue des Champions depuis 1956 - Statistiques

Statistiques générales
  • Ce quiz a été pris 135 fois
  • Le résultat moyen est 13 sur 22
Statistiques - réponses
Nombre de finales remportées Club % Correct
13 Réal Madrid
99%
6 Bayern Munich
83%
5 FC Barcelone
82%
7 AC Milan
80%
3 Manchester United
80%
3 Inter Milan
76%
1 Olympique de Marseille
73%
2 Juventus
71%
6 Liverpool FC
71%
4 Ajax Amsterdam
63%
2 FC Porto
57%
1 Chelsea FC
55%
2 Benfica
54%
1 Borussia Dortmund
50%
1 Etoile Rouge de Belgrade
48%
1 Steaua Bucarest
39%
1 Aston Villa
37%
1 PSV Eindhoven
37%
2 Nottingham Forest
34%
1 Hamburg
33%
1 Celtic Glasgow
32%
1 Feyenoord Rotterdam
23%
Aucun quiz correspondant
Distribution des résultats
% des personnes avec chaque résultat
Percentile par nombre de réponses
Votre historique - résultats
Vous n’avez pas pris ce quiz